Poesias heterónimos (Registo nº 6110)

Detalhes MARC
000 -Etiqueta do registo
Valores 01407nam a2200253 4500
010 ## - Número ISBN
ISBN 9789720049742
021 ## - Número do Depósito Legal
Número 311908/10
100 ## - Dados gerais de processamento
Dados gerais 20121220e20112009em y0pory5003 ba
200 1# - Titulo e menção de responsabilidade
Título próprio Poesias heterónimos
Primeira menção de responsabilidade Fernando Pessoa
Outras menções de responsabilidade capa Danuta Wojciechowska
-- intr. org. Auxília Ramos, Zaida Braga
205 ## - Menção da edição
Edição 1ª ed.
210 #9 - Publicação
Local de publicação Porto
Nome do editor Porto Editora,
Data de publicação 2011
215 ## - Descrição física 
Paginação / Volumes 208 p.
300 ## - Notas gerais 
Texto da nota Leitura obrigatória para o 12.º ano de escolaridade.
330 ## - Sumário ou Resumo
Texto da nota Torno-me eles e não eu - é deste modo que Pessoa reconhece a sua personalidade múltipla. A par desta personalidade, a sua escrita caracteriza-se pela pluralidade e diversidade; é uma escrita de inúmeros rostos e temas diferentes, de "outros eus", a quem o poeta atribui uma personalidade e vida próprias.<br/>Os heterónimos Alberto Caeiro, o mestre, Ricardo Reis e Álvaro de Campos são os rostos, as máscaras mais conhecidas desse universo dramático pessoano: um inocente guardador de rebanhos, um sereno pensador clássico e um efusivo engenheiro da era moderna. Cada um tem uma voz distinta, mas em todos ecoa a voz de Pessoa, ele mesmo
675 ## - CDU
Notação 821.134.3-1
Edição PT
Língua por
700 #1 - Autor principal (pessoa individual)
Apelido Pessoa,
Nome Fernando,
Datas 1888-1935
702 #1 - Autor secundário (pessoa individual)
Apelido Wojciechowska,
Nome Danuta,
Datas 1960-
702 #1 - Autor secundário (pessoa individual)
Apelido Ramos,
Nome Auxília
702 #1 - Autor secundário (pessoa individual)
Apelido Braga,
Nome Zaida
801 #0 - Fonte de origem
País PT
Agência BMVN
Regras de catalogação RPC
830 ## - Notas gerais do catalogador
Criado por Céu Baptista
Data de criação 21.01.2026
990 ## - Elementos KOHA
Tipo de documento Livro
Exemplares
Situação do levantamento Biblioteca de origem Código de barras Cota Permissão de empréstimo Forma de aquisição
  Biblioteca Escola Secundária de Vendas Novas 200000003332 LP PES/POE    
  Biblioteca Escola Secundária de Vendas Novas 200000003333 LP PES/POE    
  Biblioteca Escola Secundária de Vendas Novas 200000003334 LP PES/POE    

Powered by Koha